| 000 | 00934cam a2200265 i 4500 | ||
|---|---|---|---|
| 001 | 17575063 | ||
| 005 | 20180206043135.0 | ||
| 008 | 121228s2014 nyu b 001 0 eng | ||
| 010 | _a 2012051321 | ||
| 020 | _a9780205875207 (alk. paper) | ||
| 020 | _a0205875203 (alk. paper) | ||
| 040 |
_aDLC _beng _cDLC _erda _dDLC |
||
| 041 | _aeng | ||
| 042 | _apcc | ||
| 043 | _an-us--- | ||
| 080 | _a320.473 JON | ||
| 082 | 0 | 0 |
_a320.473 JON _223 |
| 100 | 1 | _a22 | |
| 101 | _aPOL | ||
| 245 | 1 | 0 |
_aUnderstanding American politics and government / _cJohn J. Coleman, University of Wisconsin-Madison, Kenneth M. Goldstein, University of Wisconsin-Madison, William G. Howell, University of Chicago. |
| 504 | _aIncludes bibliographical references and index. | ||
| 906 |
_a7 _bcbc _corignew _d1 _eecip _f20 _gy-gencatlg |
||
| 942 |
_2ddc _cBK |
||
| 999 |
_c41900 _d41900 |
||